| 000 | 00667nam a22002417a 4500 | ||
|---|---|---|---|
| 003 | UA-OsUOA | ||
| 001 | 27442 | ||
| 007 | ta | ||
| 008 | 20040629b un ||||| |||| 00| 0 ukr d | ||
| 090 |
_a821.161.2 _bЛ64 |
||
| 942 | _cBK | ||
| 040 |
_aUA-OsUOA _bukr _cUA-OsUOA _dUA-OsUOA |
||
| 245 |
_aЛітература та культура Полісся _bІз наукової спадщини І.Я.Заславського _cРед. Т.В.Самойленко |
||
| 300 | _a190 с. | ||
| 955 | _a0 | ||
| 041 | _aukr | ||
| 080 | _a821.161.2 | ||
| 260 |
_aНіжин _bНДПУ _c2003 |
||
| 246 | 3 | 1 |
_aВип.22 _n |
| 044 | _aUA | ||
| 650 | 7 | _2UDC | |
| 999 |
_c313787 _d313787 |
||